| Tag |
First Indicator |
Second Indicator |
Subfields |
| LEADER |
00000cam a2200000 a 4500 |
| 001 |
in00001397721 |
| 005 |
20151020052702.0 |
| 008 |
960409s1997 maua b 001 0 eng |
| 010 |
|
|
|a 96015078
|
| 019 |
|
|
|a 36807637
|
| 020 |
|
|
|a 0205198902 (hardcover)
|
| 035 |
|
|
|a (OCoLC)34576756
|
| 035 |
|
|
|9 AHM5261AM
|
| 040 |
|
|
|a DLC
|c DLC
|d NLM
|d TXA
|d UtOrBLW
|
| 049 |
|
|
|a TXAM
|
| 050 |
0 |
0 |
|a BF637.C6
|b I93 1997
|
| 060 |
0 |
0 |
|a 1997 B-451
|
| 060 |
1 |
0 |
|a WM 420
|b I95ca 1997
|
| 069 |
0 |
|
|a 9703846
|
| 082 |
0 |
0 |
|a 158/.3
|2 20
|
| 100 |
1 |
|
|a Ivey, Allen E.
|
| 245 |
1 |
0 |
|a Counseling and psychotherapy :
|b a multicultural perspective /
|c Allen E. Ivey, Mary Bradford Ivey, Lynn Simek-Morgan ; with contributions from Harold E. Cheatham [and others].
|
| 250 |
|
|
|a 4th ed.
|
| 264 |
|
1 |
|a Boston :
|b Allyn and Bacon,
|c [1997]
|
| 264 |
|
4 |
|c ©1997
|
| 300 |
|
|
|a xv, 429 pages :
|b illustrations ;
|c 25 cm.
|
| 336 |
|
|
|a text
|b txt
|2 rdacontent
|
| 337 |
|
|
|a unmediated
|b n
|2 rdamedia
|
| 338 |
|
|
|a volume
|b nc
|2 rdacarrier
|
| 504 |
|
|
|a Includes bibliographical references and indexes.
|
| 650 |
|
0 |
|a Cross-cultural counseling.
|
| 650 |
|
0 |
|a Psychotherapy
|v Cross-cultural studies.
|
| 650 |
1 |
2 |
|a Psychotherapy
|x methods.
|
| 650 |
2 |
2 |
|a Counseling
|x methods.
|
| 650 |
2 |
2 |
|a Cultural Diversity.
|
| 700 |
1 |
|
|a Ivey, Mary Bradford.
|
| 700 |
1 |
|
|a Simek-Morgan, Lynn.
|
| 948 |
|
|
|a c:rd
|
| 999 |
|
|
|a MARS
|
| 999 |
f |
f |
|s 26741c35-8d9f-3fe8-bcde-5e5b90d4fc29
|i 809dbf8a-4661-3982-820d-8511e805803c
|t 0
|
| 952 |
f |
f |
|p ric
|a Texas A&M University
|b Rellis Campus
|c Joint Library Facility
|d Remote Storage
|t 0
|e BF637.C6 I93 1997
|h Library of Congress classification
|i unmediated -- volume
|m A14822403190
|
| 998 |
f |
f |
|a BF637.C6 I93 1997
|t 0
|l Remote Storage
|